000 00313nam a2200133 i 4500
001 bg
100 1 _aJaniczek, Roman.
245 0 _aMechanika teoretyczna.
_nCz.3 /
_cR. Janiczek.
260 _aCzęstochowa,
_c1979.
040 _cBPK
041 _apol
942 _cKS
008 s pl f |000 0 pol
999 _c18896
_d18896
856 _uhttp://koha.tu.koszalin.pl/cgi-bin/koha/opac-detail.pl?biblionumber=18896
_yKatalog online BPK